| 000 | 00793nam a2200217 i 4500 | ||
|---|---|---|---|
| 005 | 20230120131318.0 | ||
| 008 | |||
| 040 | _cNUST | ||
| 049 | _aMAIN | ||
| 090 |
_aHN783.Z9 _bBOU. |
||
| 100 | 1 | _aBouziane, Mustapha. | |
| 245 | 1 | 0 |
_aAgrarian revolution : _bthe socialist villages / _c[text, Mustapha Bouziane ; pictures, Ministry of Information and Culture, Popular Work-Yards of the Agrarian Revolution, Abdelkader Bouziane]. |
| 260 |
_aAlgiers : _bThe Ministry, _c1976. |
||
| 300 |
_a72 p. : _bill. ; _c25 cm. |
||
| 440 | _aCollection "Figures of Algeria" | ||
| 650 | 0 |
_aRural development _zAlgeria. |
|
| 650 | 0 |
_aSocialism _zAlgeria. |
|
| 650 | 0 |
_aVillages _zAlgeria. |
|
| 907 |
_a.b10191057 _b12-02-13 _c08-02-06 |
||
| 942 |
_cBOOKS _kHN783.Z9 _mBOU. |
||
| 999 |
_c95603 _d95603 |
||